000 04147nam0a2200469 4500
001 RU\NLR\BIBL_A\016218551
005 20221220093134.0
010 _a978-5-00149-911-4
_9500
021 _aRU
_bКН-П-22-075291
_9КН-П-22-6566
035 _a(NLR Aleph) 016218551
035 _a(RuMoRGB)011320377
090 _a12730699
_c12730699
100 _a20221125d2022 k y0rusy50 ca
101 0 _arus
_deng
102 _aRU
105 _aa|||z|||000zy
181 0 _ai
_baxxe
182 0 _an
200 1 _aО приоритетности территории опережающего социально-экономического развития малых и средних городов регионов ЮФО и СКФО при производстве востребованной и конкурентоспособной продукции для потребителей рынков
_dOn the priority of the territory of advanced socio-economic development of small and medium-sized cities of the Southern Federal District and the North Caucasus Federal District in the production of demanded and competitive products for consumers of the markets
_e(коллективная монография при участии и под редакцией д.т.н., профессора В. Т. Прохорова [и др.])
_fА. А. Благородов, В. С. Белышева, Н. В. Тихонова [и др.]
_gМинистерство науки и высшего образования Российской Федерации, Институт сферы обслуживания и предпринимательства (филиал) Федерального государственного бюджетного образовательного учреждения высшего образования "Донской государственный технический университет" в г. Шахты Ростовской области
_zeng
203 _aТекст
_bвизуальный
_cнепосредственный
210 _aМосква
_cЭдитус
_d2022
215 _a542 с.
_cил.
_d30
300 _aАвт. указаны на обороте тит. с.
300 _aРез. англ.
320 _aБиблиогр.: с. 538-542 (57 назв.)
333 _a12+
510 1 _aOn the priority of the territory of advanced socio-economic development of small and medium-sized cities of the Southern Federal District and the North Caucasus Federal District in the production of demanded and competitive products for consumers of the markets
_zeng
606 1 _aОбувная промышленность
_yЮжный федеральный округ
_92467998
_3RU\NLR\AUTH\661466026
606 1 _aОбувная промышленность
_yСеверо-Кавказский федеральный округ
_92252724
_3RU\NLR\AUTH\6601581616
607 _aЮжный федеральный округ
_xСоциально-экономическое развитие
_92486809
_3RU\NLR\AUTH\6601692135
607 _aСеверо-Кавказский федеральный округ
_xСоциально-экономическое развитие
_92417272
_3RU\NLR\AUTH\6601658622
686 1 _aУ30(2)667(2Р37)
701 1 _aБлагородов
_bА. А.
_gАртур Александрович
701 1 _aБелышева
_bВ. С.
_gВиктория Сергеевна
701 1 _7ca
_8rus
_aТихонова
_bН. В.
_cд-р техн. наук, материаловедение
_gНаталья Васильевна
_997923
_3RU\NLR\AUTH\77114998
702 1 _4340
_7ca
_8rus
_aПрохоров
_bВ. Т.
_f1943 -
_gВладимир Тимофеевич
_943999
_3RU\NLR\AUTH\7761069
712 0 2 _4570
_aИнститут сферы обслуживания и предпринимательства
_cШахты
_9386674
_3RU\NLR\AUTH\880359712
942 _cBOOK
980 _aNB